That's a job? I like sport: (Record no. 49483)
| 000 -LEADER | |
|---|---|
| fixed length control field | 00350nam a2200121 4500 |
| 020 ## - INTERNATIONAL STANDARD BOOK NUMBER | |
| International Standard Book Number | 9780711253117 |
| 100 ## - MAIN ENTRY--PERSONAL NAME | |
| Personal name | Martin, Steve |
| 9 (RLIN) | 86644 |
| 245 ## - TITLE STATEMENT | |
| Title | That's a job? I like sport: |
| Remainder of title | ...what jobs are there? / |
| Statement of responsibility, etc | Steve Martin & Tom Woolley |
| 260 ## - PUBLICATION, DISTRIBUTION, ETC. (IMPRINT) | |
| Place of publication, distribution, etc | UK |
| Name of publisher, distributor, etc | Ivy Kids |
| Date of publication, distribution, etc | 2020 |
| 300 ## - PHYSICAL DESCRIPTION | |
| Extent | 48 p. |
| Other physical details | col. ill. |
| Dimensions | 30 cm. |
| 650 ## - SUBJECT ADDED ENTRY--TOPICAL TERM | |
| Topical term or geographic name as entry element | Job |
| 9 (RLIN) | 86645 |
| 942 ## - ADDED ENTRY ELEMENTS (KOHA) | |
| Source of classification or shelving scheme | |
| Koha item type | Book |
| Withdrawn status | Lost status | Source of classification or shelving scheme | Damaged status | Not for loan | Collection code | Home library | Current library | Shelving location | Date acquired | Total Checkouts | Full call number | Barcode | Date last seen | Price effective from | Koha item type |
|---|---|---|---|---|---|---|---|---|---|---|---|---|---|---|---|
| TEACHERS' RESOURCES | Asian Hope Primary Library | Asian Hope Primary Library | Non Fiction | 09/02/2025 | 796.023 MAR | 209327 | 09/02/2025 | 09/02/2025 | Book |